00991nam a2200277 i 4500001001000000003000900010005001700019007000300036008004100039040003000080082001200110100005100122245006100173264004700234300002800281336002700309337003300336338002800369490004900397500007300446590002600519910001500545942001400560952012200574999001700696000040000DO-SdBNP20231010101138.0ta130802s1927 sp 000 0 spa d aDO-SdBNPbspacBNPHUerda 4bQ5t2221 aQuevedo, Francisco de,d1580-164596261eautor10aTeatro inédito de Don Francisco de Quevedo y Villegas. aMadrid :bReal Academia Española,c1927. a252 páginas ;c19 cm. 2rdacontentatextobtxt 2rdamediaasin mediaciónbn 2rdacarrieravolumenbnc aBiblioteca selecta de clásicos españoles aIncluye referencias bibliográficas y notas al pie de las páginas aInventariado, 2023/BT aBtavárez 2ddccLBS1 00102ddc56708GRaBNPHUbBNPHUcCTd2013-08-02l0oBNPHU Q5tp40000-10r2020-06-25w2020-06-25yLBS1ZNo se presta c39490d39490